000 00658nam a2200145 a 4500
008 120416s1981 ||||||||||||||||| || u
050 _aHB 199 Sha
100 _aSharp, Clifford
245 1 4 _aThe economics of time
260 _aOxford
_bMartin Robertson
_c1981
300 _aviii, 231p. : ill.
350 _a0.00
995 _aMAIN LIBRARY OPEN ACCESS
_D0.00
_e706714
_FCBU-MAIN LIBRARY (Kitwe)
_H2
_I0.00
_jHB 199 Sha
_M2
_UAVAILABLE
_WOct 13, 2006
_y001959
_ZMain Library Open Access Collection
995 _aMAIN LIBRARY OPEN ACCESS
_D0.00
_e706715
_FCBU-MAIN LIBRARY (Kitwe)
_H1
_I0.00
_jHB 199 Sha
_M1
_UAVAILABLE
_WOct 13, 2006
_y001960
_ZMain Library Open Access Collection
999 _c75724
_d75724